| 000 | 00624nam a2200169 4500 | ||
|---|---|---|---|
| 999 |
_c15836 _d15836 |
||
| 008 | 201215b ||||| |||| 00| 0 eng d | ||
| 022 | _a10422587 | ||
| 082 | _aDPer 658.405 En86 2012 v.36 n.6 | ||
| 245 |
_aSources of heterogeneity in family firms: _can introduction/ _bJess H. Chua and three others. |
||
| 260 |
_aHoboken, NJ: _bWiley Subscription Services, Inc., _c©2012. |
||
| 300 |
_aV36 n6, 1103-1114 pages; _c25 cm. |
||
| 650 |
_aBusiness enterprises _xFamily. _942667 |
||
| 700 |
_aChrisman, J. J. _eAuthor. _942668 |
||
| 700 |
_aSteier, L. _eAuthor. _942669 |
||
| 700 |
_aRau, S. B. _eAuthor. _942674 |
||
| 942 |
_2ddc _cPER |
||